书目信息 |
| 题名: |
不可战胜的夫妻店:咖喱店CoCo一番屋
|
|
| 作者: | 宗次德二著 , 石露 译 | |
| 分册: | ||
| 出版信息: | 北京 东方出版社 2021.01 |
|
| 页数: | 193页 | |
| 开本: | 20cm | |
| 丛书名: | ||
| 单 册: | ||
| 中图分类: | F719.3 | |
| 科图分类: | ||
| 主题词: | 商业经济--国内 | |
| 电子资源: | ||
| ISBN: | 7-5207-1869-7 | |
| 000 | 00743nam0 2200229 450 | |
| 001 | 2373507879 | |
| 005 | 20230216203154.29 | |
| 010 | @a7-5207-1869-7@dCNY68.00 | |
| 100 | @a20230216d2021 km y0chiy0120 ea | |
| 101 | 0 | @achi |
| 102 | @aCN | |
| 102 | @aCN@b110000 | |
| 102 | @aCN@b110000 | |
| 200 | 1 | @a不可战胜的夫妻店:咖喱店CoCo一番屋@ABu Ke Zhan Sheng De Fu Qi Dian:Ka Li Dian CoCo Yi Fan Wu@f(日)宗次德二著,石露 译;@F(Ri)Zong Ci De Er Zhu,Shi Lu Yi; |
| 210 | @a北京@c东方出版社@d2021.01 | |
| 215 | @a193页@d20cm | |
| 606 | 0 | @a商业经济@x国内 |
| 690 | @aF719.3@v4 | |
| 701 | 0 | @a宗次德二著@AZong Ci De Er Zhu@4译 |
| 701 | 0 | @a石露@AShi Lu@4译 |
| 801 | 0 | @aCN@b大连网信软件有限公司图书馆·11@c20230216 |
| 905 | @aZUCC@dF719.3@e1220 | |
| 不可战胜的夫妻店:咖喱店CoCo一番屋/(日)宗次德二著,石露 译;.-北京:东方出版社,2021.01 |
| 193页;20cm |
| ISBN 7-5207-1869-7:CNY68.00 |
| ● |
| 相关链接 |
|
|
|
|
正题名:不可战胜的夫妻店:咖喱店CoCo一番屋
索取号:F719.3/1220
 
预约/预借
| 序号 | 登录号 | 条形码 | 馆藏地/架位号 | 状态 | 备注 |
| 1 | 1052718 | 210527189 | 第一样本阅览室/ [索取号:F719.3/1220] | 在馆 |